| 000 | 01606nam a2200385 a 4500 | ||
|---|---|---|---|
| 001 | ebr10618924 | ||
| 003 | CaPaEBR | ||
| 006 | m u | ||
| 007 | cr cn||||||||| | ||
| 008 | 120720s2013 ne ad sb 001 0 eng d | ||
| 010 | _z 2012029192 | ||
| 020 | _z9789004229167 (hbk. : alk. paper) | ||
| 020 | _z9789004235427 (e-book) | ||
| 040 |
_aCaPaEBR _cCaPaEBR |
||
| 035 | _a(OCoLC)820816548 | ||
| 043 |
_aa-ja--- _ae-uk--- |
||
| 050 | 1 | 4 |
_aT700.B1 _bC66 2013eb |
| 082 | 0 | 4 |
_a607/.34421 _223 |
| 245 | 0 | 0 |
_aCommerce and culture at the 1910 Japan-British exhibition _h[electronic resource] : _bcentenary perspectives / _cedited by Ayako Hotta-Lister and Ian Nish. |
| 260 |
_aLeiden ; _aBoston : _bGlobal Oriental, _c2013. |
||
| 300 |
_axvi, 231 p. : _bill. |
||
| 504 | _aIncludes bibliographical references and index. | ||
| 533 |
_aElectronic reproduction. _bPalo Alto, Calif. : _cebrary, _d2011. _nAvailable via World Wide Web. _nAccess may be limited to ebrary affiliated libraries. |
||
| 611 | 2 | 0 |
_aJapan-British Exhibition _d(1910 : _cLondon, England) |
| 650 | 0 |
_aExhibitions _zGreat Britain _xHistory. |
|
| 651 | 0 |
_aJapan _xForeign relations _zGreat Britain. |
|
| 651 | 0 |
_aGreat Britain _xForeign relations _zJapan. |
|
| 651 | 0 |
_aJapan _xExhibitions _xPress coverage. |
|
| 651 | 0 |
_aJapan _xForeign public opinion, British. |
|
| 655 | 7 |
_aElectronic books. _2local |
|
| 700 | 1 | _aHotta-Lister, Ayako. | |
| 700 | 1 | _aNish, Ian Hill. | |
| 710 | 2 | _aebrary, Inc. | |
| 856 | 4 | 0 |
_uhttp://site.ebrary.com/lib/rucke/Doc?id=10618924 _zAn electronic book accessible through the World Wide Web; click to view |
| 999 |
_c74607 _d74607 |
||